00413nam a2200145 a 4500008004100000050001800041100002100059245006100080260004000141300001900181350000900200650002500209650001100234650002200245120416s1971 ||||||||||||||||| || u aHD 5715.2 Pat aPatten, Thomas H10aManpower planning and the development of human resources aNew YorkbJohn Wiley and Sonsc1971 ax, 737p. : ill a0.00 aMANPOWER DEVELOPMENT aLABOUR aMANPOWER PLANNING